सोने का हारः (Record no. 50684)

MARC details
000 -LEADER
fixed length control field 01276nam a22002897a 4500
005 - DATE AND TIME OF LATEST TRANSACTION
control field 2010091802302.0
008 - FIXED-LENGTH DATA ELEMENTS--GENERAL INFORMATION
fixed length control field 100915t xxu||||| |||| 00| 0 hin d
010 ## - LCCN (DPL NO)
LC control number HIN-91932
020 ## - INTERNATIONAL STANDARD BOOK NUMBER
Terms of availability 150.00
International Standard Book Number 9788190309479
035 ## - SYSTEM CONTROL NUMBER
System control number HN-64278
037 ## - SOURCE OF ACQUISITION
Source of stock number/acquisition DBAD / PUB
040 ## - CATALOGING SOURCE
Original cataloging agency DPL
Language of cataloging HN
082 ## - DEWEY DECIMAL CLASSIFICATION NUMBER
Classification number
100 ## - MAIN ENTRY--PERSONAL NAME
9 (RLIN) 20178
Personal name शर्मा, यादवेन्द्र 'चन्द्र '
245 ## - TITLE STATEMENT
Title सोने का हारः
Statement of responsibility, etc यादवेन्द्र शर्मा, 'चन्द्र '
Remainder of title शिक्षाप्रद कहानियाँ /
246 ## - VARYING FORM OF TITLE
Title proper/short title Sone ka haar
Remainder of title by Yadvendra Sharma ' Chandra'
260 ## - PUBLICATION, DISTRIBUTION, ETC. (IMPRINT)
Place of publication, distribution, etc दिल्ली
Name of publisher, distributor, etc रितिका प्रकाशन
Date of publication, distribution, etc 2010
270 ## - ADDRESS
Address 77/1, ईस्ट आजाद नगर
City दिल्ली
Postal code 110051
300 ## - PHYSICAL DESCRIPTION
Extent 80पृ.
Dimensions 22सेमी (सजिल्द)
Other physical details सचित्र
650 ## - SUBJECT ADDED ENTRY--TOPICAL TERM
9 (RLIN) 1159
Topical term or geographic name as entry element लघु कथाएँ, हिन्दी
650 ## - SUBJECT ADDED ENTRY--TOPICAL TERM
Topical term or geographic name as entry element Hindi Fiction
9 (RLIN) 26117
700 ## - ADDED ENTRY--PERSONAL NAME
9 (RLIN) 20179
700 ## - ADDED ENTRY--PERSONAL NAME
9 (RLIN) 20333
700 ## - ADDED ENTRY--PERSONAL NAME
9 (RLIN) 20540
942 ## - ADDED ENTRY ELEMENTS (KOHA)
Source of classification or shelving scheme Dewey Decimal Classification
Item type Hindi Books
Call number suffix शर्माया
Classification part
Holdings
Withdrawn status Lost status Source of classification or shelving scheme Damaged status Not for loan Collection code Home library Current library Date acquired Source of acquisition Cost, normal purchase price Total Checkouts Full call number Barcode Date last seen Copy number Cost, replacement price Koha item type
    Dewey Decimal Classification   Not For Loan Fiction D.B.Act.Division D.B.Act.Division 21/02/2011 DBAD /PUB 150.00   क शर्माया HN-64278 21/02/2011 1 150.00 Hindi Books

© Delhi Public Library
Hit Counter
free hit counter